000 00343nam a2200145Ia 4500
008 221030s9999 xx 000 0 und d
041 _aEnglish
082 _a105.23
_bLee
100 _aLee
245 0 _aIntroducing Systems Analysis & Design
260 _bGalgotia Pub
_aNew Delhi
_c2003
300 _a556
650 _aComputers
942 _cBK
999 _c8654
_d8654